[Event "Blitz 2018"]
[Site "Saint-Petersburg"]
[Date "2018.12.30"]
[Round "19"]
[Board "83"]
[White "Seliverstov Vladimir (RUS)"]
[Black "Gutenev Alexander (RUS)"]
[Result "1-0"]
[LiveChessVersion "1.4.8"]
[BlackElo "2419"]
[WhiteElo "2512"]

1. d4 {[%clk 0:03:03]} Nf6 {[%clk 0:03:03]} 2. c4 {[%clk 0:03:04]} g6
{[%clk 0:03:04]} 3. g3 {[%clk 0:03:05]} c6 {[%clk 0:03:03]} 4. Bg2
{[%clk 0:03:04]} d5 {[%clk 0:03:04]} 5. Nd2 {[%clk 0:03:02]} Bg7 {[%clk 0:03:04]}
6. Ngf3 {[%clk 0:03:03]} O-O {[%clk 0:03:05]} 7. O-O {[%clk 0:03:04]} Bf5
{[%clk 0:03:03]} 8. b3 {[%clk 0:03:05]} Ne4 {[%clk 0:03:04]} 9. Bb2
{[%clk 0:03:03]} Qa5 {[%clk 0:03:04]} 10. a3 {[%clk 0:02:46]} Rd8
{[%clk 0:03:05]} 11. b4 {[%clk 0:02:39]} Qc7 {[%clk 0:03:06]} 12. Rc1
{[%clk 0:02:34]} Qd7 {[%clk 0:02:56]} 13. Nb3 {[%clk 0:02:12]} Qe8
{[%clk 0:02:28]} 14. cxd5 {[%clk 0:02:01]} cxd5 {[%clk 0:02:28]} 15. Ne5
{[%clk 0:01:46]} Nd7 {[%clk 0:02:26]} 16. Na5 {[%clk 0:01:33]} Rab8
{[%clk 0:01:58]} 17. Rc7 {[%clk 0:01:27]} Nxe5 {[%clk 0:01:49]} 18. dxe5
{[%clk 0:01:28]} Qb5 {[%clk 0:01:14]} 19. Qd3 {[%clk 0:00:58]} Qb6
{[%clk 0:01:08]} 20. Rxe7 {[%clk 0:00:53]} Nxf2 21. Qd4 Ng4 {[%clk 0:00:44]} 22.
Qxb6 {[%clk 0:00:24]} axb6 {[%clk 0:00:45]} 23. Nxb7 {[%clk 0:00:25]} Rd7
{[%clk 0:00:29]} 24. Rxd7 {[%clk 0:00:22]} Bxd7 {[%clk 0:00:30]} 25. Bxd5
{[%clk 0:00:20]} Be6 {[%clk 0:00:21]} 26. Bxe6 {[%clk 0:00:19]} fxe6
{[%clk 0:00:22]} 27. Nd6 {[%clk 0:00:20]} Nxe5 {[%clk 0:00:21]} 28. Kg2
{[%clk 0:00:17]} Rd8 {[%clk 0:00:22]} 29. Bxe5 {[%clk 0:00:14]} Bxe5
{[%clk 0:00:23]} 30. Nc4 {[%clk 0:00:15]} Bc7 {[%clk 0:00:24]} 31. Rc1
{[%clk 0:00:13]} b5 {[%clk 0:00:24]} 32. Nb2 {[%clk 0:00:13]} Be5
{[%clk 0:00:21]} 33. Nd3 {[%clk 0:00:15]} Bd4 {[%clk 0:00:23]} 34. Rc6
{[%clk 0:00:13]} e5 {[%clk 0:00:23]} 35. Nc5 {[%clk 0:00:11]} Rf8
{[%clk 0:00:22]} 36. Ne4 {[%clk 0:00:11]} Ra8 {[%clk 0:00:21]} 37. Rc7
{[%clk 0:00:12]} Rxa3 {[%clk 0:00:20]} 38. Nf6+ {[%clk 0:00:14]} Kf8
{[%clk 0:00:21]} 39. Nxh7+ {[%clk 0:00:15]} Ke8 {[%clk 0:00:23]} 40. Nf6+
{[%clk 0:00:16]} Kd8 {[%clk 0:00:24]} 41. Rb7 {[%clk 0:00:17]} Ra2
{[%clk 0:00:22]} 42. Kf3 {[%clk 0:00:17]} Ra3+ {[%clk 0:00:23]} 43. Kg4
{[%clk 0:00:17]} Re3 {[%clk 0:00:20]} 44. Rxb5 {[%clk 0:00:14]} Rxe2
{[%clk 0:00:21]} 45. h4 {[%clk 0:00:15]} Ke7 {[%clk 0:00:23]} 46. Kg5
{[%clk 0:00:13]} Rg2 {[%clk 0:00:18]} 47. g4 {[%clk 0:00:14]} Rf2
{[%clk 0:00:13]} 48. Nd5+ {[%clk 0:00:09]} Kd6 {[%clk 0:00:14]} 49. Kxg6
{[%clk 0:00:08]} Kc6 {[%clk 0:00:15]} 50. Ra5 {[%clk 0:00:10]} e4
{[%clk 0:00:13]} 51. h5 {[%clk 0:00:07]} e3 {[%clk 0:00:17]} 52. Nxe3
{[%clk 0:00:08]} Bxe3 {[%clk 0:00:18]} 53. g5 {[%clk 0:00:09]} Bd2
{[%clk 0:00:16]} 54. Rf5 {[%clk 0:00:09]} Rh2 {[%clk 0:00:13]} 55. b5+
{[%clk 0:00:11]} Kb6 {[%clk 0:00:13]} 56. h6 {[%clk 0:00:12]} Bc3
{[%clk 0:00:14]} 57. Kh7 {[%clk 0:00:08]} Bd2 {[%clk 0:00:14]} 58. Kg7
{[%clk 0:00:07]} Bc3+ {[%clk 0:00:15]} 59. Kf7 {[%clk 0:00:08]} Rh5
{[%clk 0:00:15]} 60. Kg6 {[%clk 0:00:08]} Rh3 {[%clk 0:00:15]} 61. Rd5
{[%clk 0:00:09]} Bb2 {[%clk 0:00:14]} 62. Kf7 {[%clk 0:00:06]} Rh5
{[%clk 0:00:13]} 63. Rf5 {[%clk 0:00:04]} Bc1 {[%clk 0:00:11]} 64. Kg6
{[%clk 0:00:05]} Rh3 {[%clk 0:00:13]} 65. h7 {[%clk 0:00:04]} Bb2
{[%clk 0:00:13]} 66. Rf2 {[%clk 0:00:05]} Bd4 {[%clk 0:00:13]} 67. Rf4
{[%clk 0:00:06]} Bc3 {[%clk 0:00:13]} 68. Rf5 {[%clk 0:00:06]} Bd4
{[%clk 0:00:13]} 69. Rd5 {[%clk 0:00:07]} Bc3 {[%clk 0:00:14]} 70. Rf5
{[%clk 0:00:06]} Bd4 {[%clk 0:00:15]} 71. Rd5 {[%clk 0:00:05]} Bc3
{[%clk 0:00:17]} 72. Rd7 {[%clk 0:00:05]} Kxb5 {[%clk 0:00:16]} 73. Kf5
{[%clk 0:00:05]} Kc6 {[%clk 0:00:17]} 74. Rf7 {[%clk 0:00:04]} Rf3+
{[%clk 0:00:16]} 75. Kg6 {[%clk 0:00:04]} Rh3 {[%clk 0:00:17]} 76. Kf5
{[%clk 0:00:04]} Rf3+ 77. Kg6 Rh3 {[%clk 0:00:19]} 78. Ra7 {[%clk 0:00:04]} Kd6
{[%clk 0:00:20]} 79. Ra3 {[%clk 0:00:04]} Kd5 1-0

[Event "Blitz 2018"]
[Site "Saint-Petersburg"]
[Date "2018.12.30"]
[Round "19"]
[Board "84"]
[White "Anikonov Dmitry (RUS)"]
[Black "Tsoi Dmitry (RUS)"]
[Result "1/2-1/2"]
[LiveChessVersion "1.4.8"]
[BlackElo "2387"]
[WhiteElo "2511"]

1. d4 {[%clk 0:03:03]} f5 {[%clk 0:03:04]} 2. c4 {[%clk 0:03:03]} Nf6
{[%clk 0:03:05]} 3. g3 {[%clk 0:03:04]} e6 {[%clk 0:03:06]} 4. Bg2
{[%clk 0:03:04]} d5 {[%clk 0:03:07]} 5. Nh3 {[%clk 0:03:02]} c6 {[%clk 0:03:09]}
6. O-O {[%clk 0:03:02]} Be7 {[%clk 0:03:09]} 7. Qc2 {[%clk 0:03:03]} O-O
{[%clk 0:03:09]} 8. Nd2 {[%clk 0:03:03]} Ne4 {[%clk 0:03:07]} 9. f3
{[%clk 0:03:04]} Nd6 {[%clk 0:03:06]} 10. Nf4 {[%clk 0:02:32]} Bg5
{[%clk 0:03:01]} 11. e3 {[%clk 0:02:29]} Bxf4 {[%clk 0:03:00]} 12. exf4
{[%clk 0:02:22]} b6 {[%clk 0:02:53]} 13. Re1 {[%clk 0:02:20]} Re8
{[%clk 0:02:46]} 14. b3 {[%clk 0:02:18]} Bb7 {[%clk 0:02:46]} 15. Ba3
{[%clk 0:02:14]} a5 {[%clk 0:02:27]} 16. Re2 {[%clk 0:02:07]} Na6
{[%clk 0:02:21]} 17. Rae1 {[%clk 0:02:08]} Qd7 {[%clk 0:02:19]} 18. c5
{[%clk 0:01:44]} Nb5 {[%clk 0:02:16]} 19. Bb2 {[%clk 0:01:44]} bxc5
{[%clk 0:01:44]} 20. dxc5 {[%clk 0:01:45]} Nb4 {[%clk 0:01:43]} 21. Qb1
{[%clk 0:01:42]} d4 {[%clk 0:01:42]} 22. a3 {[%clk 0:01:33]} Nd5 {[%clk 0:01:43]}
23. Nc4 {[%clk 0:01:34]} Nbc3 {[%clk 0:01:40]} 24. Qd3 {[%clk 0:01:32]} Nxe2+
{[%clk 0:01:38]} 25. Rxe2 {[%clk 0:01:33]} Ba6 {[%clk 0:01:35]} 26. Qxd4
{[%clk 0:01:24]} Bxc4 {[%clk 0:01:28]} 27. Qxc4 {[%clk 0:01:21]} Nf6
{[%clk 0:01:18]} 28. Bf1 {[%clk 0:01:22]} Qd5 {[%clk 0:01:17]} 29. Qc3
{[%clk 0:01:23]} a4 {[%clk 0:01:14]} 30. b4 {[%clk 0:01:23]} Red8
{[%clk 0:01:04]} 31. Re3 {[%clk 0:01:21]} Qd7 {[%clk 0:00:31]} 32. Bc4
{[%clk 0:01:07]} Nd5 {[%clk 0:00:32]} 33. Bxd5 {[%clk 0:01:08]} exd5
{[%clk 0:00:32]} 34. Qd4 {[%clk 0:00:57]} Re8 {[%clk 0:00:33]} 35. Re5
{[%clk 0:00:59]} Rxe5 {[%clk 0:00:31]} 36. fxe5 {[%clk 0:01:00]} Kf7
{[%clk 0:00:30]} 37. e6+ {[%clk 0:00:54]} Qxe6 {[%clk 0:00:30]} 38. Qxg7+ Ke8 39.
Qh8+ {[%clk 0:00:38]} Kd7 {[%clk 0:00:33]} 40. Qxa8 {[%clk 0:00:37]} Qe3+
{[%clk 0:00:32]} 41. Kg2 {[%clk 0:00:38]} Qd2+ {[%clk 0:00:29]} 42. Kf1
{[%clk 0:00:36]} Qd1+ {[%clk 0:00:26]} 43. Kf2 {[%clk 0:00:34]} Qd2+
{[%clk 0:00:27]} 44. Kg1 {[%clk 0:00:36]} Qd1+ {[%clk 0:00:28]} 45. Kg2
{[%clk 0:00:36]} Qd2+ {[%clk 0:00:30]} 46. Kh3 {[%clk 0:00:38]} Qh6+
{[%clk 0:00:31]} 1/2-1/2

[Event "Blitz 2018"]
[Site "Saint-Petersburg"]
[Date "2018.12.30"]
[Round "19"]
[Board "85"]
[White "Makarov Marat (RUS)"]
[Black "Sharma Dinesh K. (IND)"]
[Result "1/2-1/2"]
[LiveChessVersion "1.4.8"]
[BlackElo "2383"]
[WhiteElo "2505"]

1. d4 {[%clk 0:03:01]} Nf6 {[%clk 0:03:03]} 2. c4 {[%clk 0:03:02]} g6
{[%clk 0:03:04]} 3. Nf3 {[%clk 0:03:02]} Bg7 {[%clk 0:03:04]} 4. g3
{[%clk 0:03:04]} c5 {[%clk 0:03:02]} 5. Bg2 {[%clk 0:03:04]} cxd4
{[%clk 0:03:02]} 6. Nxd4 {[%clk 0:03:05]} Qc7 {[%clk 0:03:00]} 7. Qd3
{[%clk 0:02:18]} O-O {[%clk 0:02:50]} 8. O-O {[%clk 0:02:18]} Nc6
{[%clk 0:02:48]} 9. Nb5 {[%clk 0:02:19]} Qd8 {[%clk 0:02:40]} 10. N1c3
{[%clk 0:02:16]} Ne5 {[%clk 0:02:36]} 11. Qd4 {[%clk 0:02:06]} d6
{[%clk 0:02:36]} 12. Qh4 {[%clk 0:01:51]} a6 13. Na3 Qc7 {[%clk 0:02:26]} 14. Bh6
{[%clk 0:01:53]} Bxh6 {[%clk 0:02:11]} 15. Qxh6 {[%clk 0:01:53]} Nxc4
{[%clk 0:02:11]} 16. Nxc4 {[%clk 0:01:54]} Qxc4 {[%clk 0:02:11]} 17. Rac1
{[%clk 0:01:55]} Qg4 {[%clk 0:02:03]} 18. Qe3 {[%clk 0:01:47]} Be6
{[%clk 0:01:45]} 19. b3 {[%clk 0:01:32]} Rab8 {[%clk 0:01:38]} 20. Rfd1
{[%clk 0:01:33]} Qh5 {[%clk 0:01:33]} 21. h4 {[%clk 0:01:13]} Rfc8
{[%clk 0:01:30]} 22. Bf3 {[%clk 0:01:07]} Qe5 {[%clk 0:01:11]} 23. Qxe5
{[%clk 0:01:06]} dxe5 {[%clk 0:01:12]} 24. Ne4 {[%clk 0:01:00]} Nxe4
{[%clk 0:01:01]} 25. Bxe4 {[%clk 0:01:02]} b5 {[%clk 0:00:57]} 26. Rxc8+
{[%clk 0:00:26]} Rxc8 {[%clk 0:00:58]} 27. Bb7 {[%clk 0:00:23]} Rc2
{[%clk 0:00:59]} 28. Bxa6 {[%clk 0:00:24]} Rxa2 {[%clk 0:00:56]} 29. Bxb5
{[%clk 0:00:24]} Bxb3 {[%clk 0:00:57]} 30. Rc1 {[%clk 0:00:23]} Be6
{[%clk 0:00:50]} 31. f3 {[%clk 0:00:22]} Kf8 {[%clk 0:00:47]} 32. Kf2
{[%clk 0:00:24]} h6 {[%clk 0:00:48]} 33. Bc4 {[%clk 0:00:25]} Bxc4
{[%clk 0:00:47]} 34. Rxc4 {[%clk 0:00:26]} Ra5 {[%clk 0:00:46]} 35. g4
{[%clk 0:00:28]} Kg7 {[%clk 0:00:47]} 36. Rb4 {[%clk 0:00:29]} Rc5
{[%clk 0:00:44]} 37. Ra4 {[%clk 0:00:30]} e6 38. Rb4 Rd5 {[%clk 0:00:44]} 39. Ra4
{[%clk 0:00:33]} Kf6 {[%clk 0:00:45]} 40. Rb4 {[%clk 0:00:35]} Rd4
{[%clk 0:00:33]} 41. Rb7 {[%clk 0:00:35]} Ra4 {[%clk 0:00:31]} 42. e4
{[%clk 0:00:37]} Ra1 {[%clk 0:00:25]} 43. g5+ {[%clk 0:00:36]} hxg5
{[%clk 0:00:23]} 44. hxg5+ {[%clk 0:00:38]} Kg7 {[%clk 0:00:23]} 45. Rb5
{[%clk 0:00:39]} Ra2+ {[%clk 0:00:19]} 46. Kg3 {[%clk 0:00:40]} Ra1
{[%clk 0:00:20]} 47. Rxe5 {[%clk 0:00:40]} Rg1+ {[%clk 0:00:20]} 48. Kf2
{[%clk 0:00:41]} Rh1 {[%clk 0:00:21]} 49. Kg2 {[%clk 0:00:42]} Rh5
{[%clk 0:00:22]} 50. f4 {[%clk 0:00:41]} Kf8 {[%clk 0:00:23]} 51. Kg3
{[%clk 0:00:41]} Ke7 {[%clk 0:00:23]} 52. Ra5 {[%clk 0:00:43]} Kf8 53. Ra7 Kg7
{[%clk 0:00:19]} 54. e5 1/2-1/2

[Event "Blitz 2018"]
[Site "Saint-Petersburg"]
[Date "2018.12.30"]
[Round "19"]
[Board "86"]
[White "Gaifullin Artur (RUS)"]
[Black "Rechlis Gad (ISR)"]
[Result "1-0"]
[LiveChessVersion "1.4.8"]
[BlackElo "2500"]
[WhiteElo "2231"]

1. d4 {[%clk 0:03:03]} Nf6 {[%clk 0:03:02]} 2. c4 {[%clk 0:03:04]} e6
{[%clk 0:03:02]} 3. Nf3 {[%clk 0:03:05]} c5 {[%clk 0:03:02]} 4. d5
{[%clk 0:03:00]} exd5 {[%clk 0:03:02]} 5. cxd5 {[%clk 0:03:01]} d6
{[%clk 0:03:03]} 6. Nc3 {[%clk 0:03:01]} g6 {[%clk 0:03:04]} 7. e4
{[%clk 0:03:02]} Bg7 {[%clk 0:03:04]} 8. Bb5+ {[%clk 0:02:55]} Nbd7
{[%clk 0:03:02]} 9. Bf4 {[%clk 0:02:44]} a6 {[%clk 0:02:48]} 10. Be2
{[%clk 0:02:39]} b5 {[%clk 0:02:34]} 11. Qc2 {[%clk 0:02:15]} b4 {[%clk 0:02:03]}
12. Nb1 {[%clk 0:02:08]} O-O {[%clk 0:01:47]} 13. Bxd6 {[%clk 0:01:40]} Re8
{[%clk 0:01:48]} 14. Nbd2 {[%clk 0:01:41]} a5 {[%clk 0:01:42]} 15. O-O
{[%clk 0:01:17]} Nxd5 {[%clk 0:01:37]} 16. Bc4 {[%clk 0:01:17]} N5b6
{[%clk 0:01:27]} 17. Bb5 {[%clk 0:00:53]} Bb7 {[%clk 0:01:11]} 18. Rad1
{[%clk 0:00:52]} Re6 {[%clk 0:01:06]} 19. Nc4 {[%clk 0:00:35]} Bxe4
{[%clk 0:01:04]} 20. Qc1 {[%clk 0:00:36]} Bxf3 {[%clk 0:00:52]} 21. gxf3
{[%clk 0:00:32]} Qf6 {[%clk 0:00:34]} 22. Bg3 {[%clk 0:00:19]} Nf8
{[%clk 0:00:18]} 23. Nxb6 {[%clk 0:00:13]} Rxb6 {[%clk 0:00:19]} 24. Bc4
{[%clk 0:00:14]} Qxb2 {[%clk 0:00:15]} 25. Qf4 {[%clk 0:00:15]} Rf6
{[%clk 0:00:12]} 26. Qe4 {[%clk 0:00:13]} Ra7 {[%clk 0:00:06]} 27. Be5
{[%clk 0:00:14]} Qa3 {[%clk 0:00:03]} 28. Bxf6 {[%clk 0:00:15]} Bxf6
{[%clk 0:00:04]} 29. Qf4 {[%clk 0:00:13]} Kg7 {[%clk 0:00:05]} 30. Rd6
{[%clk 0:00:14]} Qb2 {[%clk 0:00:06]} 31. Rc6 {[%clk 0:00:13]} Bd4
{[%clk 0:00:05]} 32. Rc7 {[%clk 0:00:08]} Rxc7 {[%clk 0:00:05]} 33. Qxc7
{[%clk 0:00:09]} Kh6 {[%clk 0:00:00]} 34. Qxf7 {[%clk 0:00:09]} 1-0

[Event "Blitz 2018"]
[Site "Saint-Petersburg"]
[Date "2018.12.30"]
[Round "19"]
[Board "93"]
[White "Hirneise Jens (GER)"]
[Black "Perdomo Carlos Andres (COL)"]
[Result "1-0"]
[BlackElo "2301"]
[WhiteElo "2363"]
[LiveChessVersion "1.4.8"]

1. e4 {[%clk 0:03:03]} c5 {[%clk 0:03:03]} 2. Nf3 {[%clk 0:03:04]} e6
{[%clk 0:03:05]} 3. Nc3 {[%clk 0:03:06]} a6 {[%clk 0:03:05]} 4. d4
{[%clk 0:03:07]} cxd4 {[%clk 0:03:07]} 5. Nxd4 {[%clk 0:03:08]} Qc7
{[%clk 0:03:02]} 6. Bd3 {[%clk 0:03:09]} d6 {[%clk 0:03:01]} 7. f4
{[%clk 0:03:08]} Nd7 {[%clk 0:02:50]} 8. Qf3 {[%clk 0:03:07]} Ngf6
{[%clk 0:02:30]} 9. Be3 {[%clk 0:03:03]} Nc5 {[%clk 0:02:27]} 10. O-O-O
{[%clk 0:02:56]} Rb8 {[%clk 0:01:45]} 11. Kb1 {[%clk 0:02:55]} b5
{[%clk 0:01:43]} 12. g4 {[%clk 0:02:51]} b4 {[%clk 0:01:42]} 13. Nce2
{[%clk 0:02:50]} Bb7 {[%clk 0:01:41]} 14. Ng3 {[%clk 0:02:48]} d5
{[%clk 0:01:28]} 15. e5 {[%clk 0:02:50]} Nfe4 {[%clk 0:01:28]} 16. Bxe4
{[%clk 0:02:34]} dxe4 {[%clk 0:01:24]} 17. Qe2 {[%clk 0:02:34]} Be7
{[%clk 0:01:16]} 18. Nb3 {[%clk 0:02:23]} Na4 {[%clk 0:01:08]} 19. Bd4
{[%clk 0:02:18]} O-O {[%clk 0:00:52]} 20. Nxe4 {[%clk 0:02:17]} Bd5
{[%clk 0:00:41]} 21. Rhe1 {[%clk 0:02:16]} a5 {[%clk 0:00:40]} 22. Nd6
{[%clk 0:02:02]} Rfd8 {[%clk 0:00:25]} 23. Qa6 {[%clk 0:01:52]} Ra8
{[%clk 0:00:24]} 24. Qb5 {[%clk 0:01:40]} Bc6 {[%clk 0:00:25]} 25. Qe2
{[%clk 0:01:32]} Bd5 {[%clk 0:00:23]} 26. f5 {[%clk 0:00:52]} Bxd6
{[%clk 0:00:19]} 27. exd6 {[%clk 0:00:53]} Qxd6 {[%clk 0:00:20]} 28. f6
{[%clk 0:00:49]} g6 {[%clk 0:00:20]} 29. Qe3 {[%clk 0:00:48]} Rac8
{[%clk 0:00:16]} 30. Qh6 {[%clk 0:00:32]} Qf8 {[%clk 0:00:18]} 31. Qe3
{[%clk 0:00:33]} Ra8 {[%clk 0:00:13]} 32. Nc5 {[%clk 0:00:30]} Nb6
{[%clk 0:00:12]} 33. Nxe6 {[%clk 0:00:24]} Bxe6 34. Bxb6 {[%clk 0:01:23]} Rdc8
{[%clk 0:00:11]} 35. Bd4 {[%clk 0:01:19]} a4 {[%clk 0:00:13]} 36. a3
{[%clk 0:01:04]} Rab8 {[%clk 0:00:10]} 37. Rd3 {[%clk 0:00:17]} Bxg4
{[%clk 0:00:09]} 38. Be5 {[%clk 0:00:17]} Bf5 {[%clk 0:00:04]} 39. Bd6
{[%clk 0:00:16]} Bxd3 {[%clk 0:00:04]} 40. Bxf8 {[%clk 0:00:16]} bxa3
{[%clk 0:00:03]} 41. Bxa3 {[%clk 0:00:13]} Bxc2+ {[%clk 0:00:04]} 42. Ka1
{[%clk 0:00:15]} Rc6 {[%clk 0:00:00]} 1-0

[Event "Blitz 2018"]
[Site "Saint-Petersburg"]
[Date "2018.12.30"]
[Round "19"]
[Board "94"]
[White "Masrahi Abdulrahman A (KSA)"]
[Black "Lobanov Sergei (RUS)"]
[Result "0-1"]
[BlackElo "2434"]
[WhiteElo "1966"]
[LiveChessVersion "1.4.8"]

1. d4 {[%clk 0:03:03]} Nf6 {[%clk 0:03:04]} 2. Bf4 {[%clk 0:03:04]} d5
{[%clk 0:03:05]} 3. e3 {[%clk 0:03:05]} c5 {[%clk 0:03:06]} 4. c3
{[%clk 0:03:07]} Nc6 {[%clk 0:03:08]} 5. Nd2 {[%clk 0:03:08]} e6 {[%clk 0:03:09]}
6. Ngf3 {[%clk 0:03:08]} cxd4 {[%clk 0:03:10]} 7. exd4 {[%clk 0:03:09]} Nh5
{[%clk 0:03:11]} 8. Bg5 {[%clk 0:03:08]} f6 {[%clk 0:03:13]} 9. Bh4
{[%clk 0:03:07]} Bd6 {[%clk 0:03:11]} 10. Bg3 {[%clk 0:03:00]} Nf4
{[%clk 0:03:04]} 11. Bxf4 {[%clk 0:02:56]} Bxf4 {[%clk 0:03:05]} 12. Bd3
{[%clk 0:02:56]} e5 {[%clk 0:02:52]} 13. g3 {[%clk 0:02:42]} Bh6 {[%clk 0:02:36]}
14. dxe5 {[%clk 0:02:42]} fxe5 {[%clk 0:02:37]} 15. Nxe5 {[%clk 0:02:31]} Nxe5
{[%clk 0:02:36]} 16. Qh5+ {[%clk 0:02:27]} Nf7 {[%clk 0:02:35]} 17. O-O-O
{[%clk 0:02:19]} O-O {[%clk 0:02:35]} 18. Kb1 {[%clk 0:02:18]} Qg5
{[%clk 0:02:27]} 19. Qe2 {[%clk 0:02:16]} Bg4 {[%clk 0:02:20]} 20. f3
{[%clk 0:02:12]} Rae8 {[%clk 0:02:21]} 21. Qg2 {[%clk 0:02:04]} Bf5
{[%clk 0:02:21]} 22. Bxf5 {[%clk 0:01:46]} Qxf5+ {[%clk 0:02:22]} 23. Ka1
{[%clk 0:01:47]} g6 {[%clk 0:02:09]} 24. Nb3 {[%clk 0:01:43]} Bg7
{[%clk 0:02:06]} 25. Nd4 {[%clk 0:01:42]} Qd7 {[%clk 0:01:51]} 26. h4
{[%clk 0:01:34]} Ne5 {[%clk 0:01:32]} 27. h5 {[%clk 0:01:22]} Nc4
{[%clk 0:01:32]} 28. hxg6 {[%clk 0:01:06]} hxg6 {[%clk 0:01:34]} 29. Qh2
{[%clk 0:01:00]} Kf7 {[%clk 0:01:34]} 30. f4 {[%clk 0:00:47]} Ne3
{[%clk 0:01:00]} 31. Rde1 {[%clk 0:00:45]} Rh8 {[%clk 0:00:52]} 32. Qf2
{[%clk 0:00:45]} Ng4 {[%clk 0:00:37]} 33. Qf3 {[%clk 0:00:39]} Rxh1
{[%clk 0:00:31]} 34. Rxh1 {[%clk 0:00:32]} Re3 {[%clk 0:00:20]} 35. Qf1
{[%clk 0:00:27]} Re4 {[%clk 0:00:20]} 36. f5 {[%clk 0:00:26]} Bxd4
{[%clk 0:00:15]} 37. fxg6+ {[%clk 0:00:21]} Kxg6 {[%clk 0:00:16]} 38. cxd4
{[%clk 0:00:22]} Qe7 {[%clk 0:00:13]} 39. Qd1 {[%clk 0:00:17]} Re2
{[%clk 0:00:10]} 40. a3 {[%clk 0:00:17]} Qe4 {[%clk 0:00:10]} 41. Rh4
{[%clk 0:00:16]} Kf6 {[%clk 0:00:06]} 42. Qf1+ {[%clk 0:00:15]} Ke6
{[%clk 0:00:06]} 43. Qf8 {[%clk 0:00:15]} Re1+ {[%clk 0:00:07]} 44. Ka2
{[%clk 0:00:16]} Qb1+ {[%clk 0:00:07]} 45. Kb3 Qd3+ {[%clk 0:00:07]} 46. Ka2
{[%clk 0:00:18]} Qc4+ {[%clk 0:00:08]} 0-1

[Event "Blitz 2018"]
[Site "Saint-Petersburg"]
[Date "2018.12.30"]
[Round "19"]
[Board "95"]
[White "Alsulaymi Abdullah M (KSA)"]
[Black "Teterev Vitaly (BLR)"]
[Result "0-1"]
[BlackElo "2397"]
[WhiteElo "1833"]
[LiveChessVersion "1.4.8"]

1. e4 {[%clk 0:03:03]} c5 {[%clk 0:03:03]} 2. b4 {[%clk 0:03:04]} cxb4
{[%clk 0:03:04]} 3. a3 {[%clk 0:03:06]} bxa3 {[%clk 0:03:03]} 4. Bxa3
{[%clk 0:03:07]} d6 {[%clk 0:03:03]} 5. Nf3 {[%clk 0:03:06]} Nf6 {[%clk 0:03:03]}
6. Nc3 {[%clk 0:03:05]} g6 {[%clk 0:03:02]} 7. Rb1 {[%clk 0:03:01]} Bg7
{[%clk 0:03:01]} 8. Bc4 {[%clk 0:02:54]} O-O {[%clk 0:03:00]} 9. O-O
{[%clk 0:02:54]} Nc6 {[%clk 0:02:59]} 10. Re1 {[%clk 0:02:40]} a6
{[%clk 0:02:42]} 11. Nd5 {[%clk 0:02:36]} Nd7 {[%clk 0:02:27]} 12. c3
{[%clk 0:02:05]} b5 {[%clk 0:02:23]} 13. Ba2 {[%clk 0:01:57]} e6 {[%clk 0:01:50]}
14. Ne3 {[%clk 0:01:40]} Nc5 {[%clk 0:01:45]} 15. Bxc5 {[%clk 0:00:55]} dxc5
{[%clk 0:01:46]} 16. d4 {[%clk 0:00:56]} cxd4 {[%clk 0:01:45]} 17. cxd4
{[%clk 0:00:57]} Nxd4 {[%clk 0:01:45]} 18. Nxd4 {[%clk 0:00:48]} Qxd4
{[%clk 0:01:45]} 19. Qf3 {[%clk 0:00:47]} Bb7 {[%clk 0:01:45]} 20. Nc2
{[%clk 0:00:35]} Qc3 {[%clk 0:01:41]} 21. Qe2 {[%clk 0:00:28]} Rac8
{[%clk 0:01:38]} 22. Nb4 {[%clk 0:00:22]} Rfd8 {[%clk 0:01:30]} 23. h3
{[%clk 0:00:19]} Rd2 {[%clk 0:01:25]} 24. Qg4 {[%clk 0:00:15]} Qd4
{[%clk 0:01:10]} 25. Rf1 {[%clk 0:00:10]} h5 {[%clk 0:01:06]} 26. Qf4
{[%clk 0:00:05]} Qxe4 {[%clk 0:01:00]} 27. Qxe4 {[%clk 0:00:05]} Bxe4
{[%clk 0:01:01]} 28. Rbc1 {[%clk 0:00:05]} Rxc1 {[%clk 0:00:55]} 29. Rxc1
{[%clk 0:00:06]} a5 {[%clk 0:00:56]} 0-1

[Event "Blitz 2018"]
[Site "Saint-Petersburg"]
[Date "2018.12.30"]
[Round "19"]
[Board "96"]
[White "Al Thebaiti Ahmed M (KSA)"]
[Black "Yeritsyan Aram (RUS)"]
[Result "0-1"]
[BlackElo "2191"]
[WhiteElo "1976"]
[LiveChessVersion "1.4.8"]

1. d4 {[%clk 0:03:03]} Nf6 {[%clk 0:03:04]} 2. c4 {[%clk 0:03:04]} e6
{[%clk 0:03:04]} 3. Nc3 {[%clk 0:03:02]} Bb4 {[%clk 0:03:04]} 4. Nf3
{[%clk 0:03:02]} b6 {[%clk 0:03:05]} 5. Qc2 {[%clk 0:03:00]} Bb7 {[%clk 0:03:06]}
6. e3 {[%clk 0:02:58]} O-O {[%clk 0:03:04]} 7. Bd3 {[%clk 0:02:57]} d6
{[%clk 0:02:59]} 8. a3 {[%clk 0:02:55]} Bxc3+ {[%clk 0:03:00]} 9. bxc3
{[%clk 0:02:54]} Nbd7 {[%clk 0:02:59]} 10. a4 {[%clk 0:02:52]} a5
{[%clk 0:03:01]} 11. Ba3 {[%clk 0:02:51]} Re8 {[%clk 0:03:01]} 12. O-O
{[%clk 0:02:49]} e5 {[%clk 0:03:02]} 13. Bf5 {[%clk 0:02:31]} g6 {[%clk 0:02:29]}
14. Bh3 {[%clk 0:02:31]} Qe7 {[%clk 0:02:04]} 15. Rab1 {[%clk 0:02:24]} Be4
{[%clk 0:02:00]} 16. Qd2 {[%clk 0:02:15]} Bxb1 {[%clk 0:02:00]} 17. Rxb1
{[%clk 0:02:16]} Rad8 {[%clk 0:01:52]} 18. Qb2 {[%clk 0:02:07]} Ne4
{[%clk 0:01:47]} 19. Rc1 {[%clk 0:01:35]} Ng5 {[%clk 0:01:43]} 20. Nxg5
{[%clk 0:01:28]} Qxg5 {[%clk 0:01:44]} 21. Qb5 {[%clk 0:01:18]} Nf6
{[%clk 0:01:07]} 22. f4 {[%clk 0:01:08]} Qh6 {[%clk 0:01:08]} 23. Rf1
{[%clk 0:00:33]} exf4 {[%clk 0:01:09]} 24. Rxf4 {[%clk 0:00:15]} Rxe3
{[%clk 0:01:10]} 0-1

[Event "Blitz 2018"]
[Site "Saint-Petersburg"]
[Date "2018.12.30"]
[Round "19"]
[Board "97"]
[White "Apryshko Gleb (RUS)"]
[Black "Khayat Abdullah F (KSA)"]
[Result "1-0"]
[BlackElo "1709"]
[WhiteElo "2416"]
[LiveChessVersion "1.4.8"]

1. Nf3 {[%clk 0:01:47]} Nf6 {[%clk 0:03:02]} 2. g3 {[%clk 0:01:47]} g6
{[%clk 0:03:03]} 3. Bg2 {[%clk 0:01:48]} Bg7 {[%clk 0:03:04]} 4. c4
{[%clk 0:01:49]} O-O {[%clk 0:03:04]} 5. O-O {[%clk 0:01:50]} c5 {[%clk 0:03:05]}
6. Nc3 {[%clk 0:01:49]} Nc6 {[%clk 0:03:05]} 7. d4 {[%clk 0:01:28]} d6
{[%clk 0:02:58]} 8. h3 {[%clk 0:01:25]} Rb8 {[%clk 0:02:45]} 9. dxc5
{[%clk 0:01:11]} dxc5 {[%clk 0:02:44]} 10. Bf4 {[%clk 0:01:10]} Ra8
{[%clk 0:02:38]} 11. Ne5 {[%clk 0:01:05]} Nxe5 {[%clk 0:02:03]} 12. Bxe5
{[%clk 0:01:05]} Nd7 {[%clk 0:01:44]} 13. Bf4 {[%clk 0:01:06]} e5
{[%clk 0:01:43]} 14. Be3 {[%clk 0:01:04]} Nf6 {[%clk 0:01:39]} 15. Bxc5
{[%clk 0:01:02]} Re8 {[%clk 0:01:36]} 16. Qxd8 {[%clk 0:01:01]} Rxd8
{[%clk 0:01:37]} 17. Rfd1 {[%clk 0:00:58]} Be6 {[%clk 0:01:38]} 18. b3
{[%clk 0:00:52]} Rac8 {[%clk 0:01:36]} 19. Bxa7 {[%clk 0:00:51]} Ra8
{[%clk 0:00:35]} 20. Be3 {[%clk 0:00:48]} e4 {[%clk 0:00:31]} 21. a4
{[%clk 0:00:37]} Nd7 {[%clk 0:00:25]} 22. Rac1 {[%clk 0:00:33]} f5
{[%clk 0:00:24]} 23. Nb5 {[%clk 0:00:29]} Bb2 {[%clk 0:00:05]} 24. Rb1
{[%clk 0:00:29]} Bg7 {[%clk 0:00:04]} 25. Nc7 {[%clk 0:00:29]} 1-0